Incorrectly Drawn Countries on a World Map - Statistics

General Stats
  • This quiz has been taken 5,018 times
  • The average score is 14 of 20
Answers on the Map
Answers color-coded by a green-red scale on the quiz's map according to % correct below.
 
Answer Stats
Incorrectness Country % Correct
DRC/Angola/Zambia border changed Democratic Republic of the Congo
88%
Russia/Mongolia border changed Russia
87%
Only Honshu included Japan
86%
Russia/Mongolia border changed Mongolia
85%
Sudan/South Sudan border changed Sudan
85%
Florida removed United States
85%
Peru/Ecuador border changed Ecuador
84%
Sumatra removed Indonesia
84%
Sudan/South Sudan border changed South Sudan
84%
Peru/Ecuador border changed Peru
83%
DRC/Angola/Zambia border changed Angola
77%
Southern part removed Vietnam
77%
Baja California removed Mexico
69%
Tasmania removed Australia
61%
Extended northwards Estonia
59%
Uzbekistan/Kazakhstan border changed Kazakhstan
59%
Uzbekistan/Kazakhstan border changed Uzbekistan
58%
Drawn South-West Iceland
54%
Flipped 180 degrees Panama
37%
DRC/Angola/Zambia border changed Zambia
25%
No matching quizzes found
Score Distribution
Percent of People with Each Score
Percentile by Number Answered
Your Score History
You have not taken this quiz